000 00728nam a2200265Ia 4500
008 160803s9999 xx 000 0 und d
020 _a9780545103558
100 _aWillems, Mo
245 _aKnuffle Bunny too :
245 _cby Mo Willems.
260 _aNew York :
260 _bScholastic Inc.
260 _c2007
300 _a41 unnumbered pages :
300 _bcolor illustrations ;
300 _c23 x 31 cm
500 _aSequel to: Knuffle Bunny, a cautionary tale.
650 _aElementary schools --
650 _aFathers and daughters --
650 _aStuffed animals (Toys) --
650 _xJuvenile fiction.
650 _xJuvenile fiction.
650 _xJuvenile fiction.
700 _a690
999 _c298214
_d298214